Othello (#1) - Statistics

General Stats
  • This quiz has been taken 25 times
  • The average score is 4 of 24
Answer Stats
Question Answer % Correct
Who is Desdemona's father? Brabantio
91%
Which character recruits Iago to woo Desdemona for himself? Roderigo
83%
What event delays Othello's arrival on Cyprus? A Storm
70%
Who does Othello allow to bring Desdemona to Cyprus? Iago
52%
Who takes Desdemona's handkerchief? Emilia
39%
How does Iago describe jealousy? "the green-eyed monster"
22%
What, to Othello, does the handkerchief symbolise? Desdemona's love
4%
Why does Cassio become Othello's lieutenant? Because Cassio is the opposite of Othello
0%
Why does Desdemona decide to advocate for Cassio? Because he is a good man
0%
In Act III, why does Emilia believe Othello is acting strangely? Because of jealousy of Desdemona
0%
What crime does Brabantio charge Othello with before the Venetian counsel? Bewitching his daughter
0%
What, does Othello say, was used to dye the handkerchief? Blood from virgins' hearts
0%
What is Iago's desired outcome of Cassio and Roderigo's first fight? Cassio is demoted
0%
What does Iago NOT cite as a motive for his revenge? Desdemona's rejection of him
0%
How does Iago get Cassio to quarrel with Roderigo? He gets Cassio drunk
0%
What does Cassio do with Desdemona's handkerchief? He gives it to Bianca to copy
0%
How does Iago use the handkerchief to condemn Desdemona? He tells Othello that she gave it to Cassio
0%
How does Iago propose that Cassio will regain his reputation? He will get Desdemona to plead with Othello
0%
What does Iago recognize as Cassio's main flaw? His inability to hold his liquor
0%
What is Othello NOT insecure about? His position and rank
0%
Who is the ruling figure of Cyprus, and what is his title? Montano, Governor
0%
How does Cassio feel about Desdemona? She is a good, honorable woman
0%
What is Desdemona's reaction when Othello tells Desdemona of the great significance of the handkerchief? She says she wishes she had never seen it
0%
What is Iago's views of women? They are needy, dependent, and nagging
0%
No matching quizzes found
Score Distribution
Percent of People with Each Score
Percentile by Number Answered
Your Score History
You have not taken this quiz